Олександр Мишуга. Спогади. Матеріали. Листи (Запис № 335738)
[ простий вигляд ]
| 000 -LEADER | |
|---|---|
| fixed length control field | 00799nam a22002417a 4500 |
| 001 - CONTROL NUMBER | |
| control field | 49627 |
| 003 - CONTROL NUMBER IDENTIFIER | |
| control field | UA-OsUOA |
| 005 - DATE AND TIME OF LATEST TRANSACTION | |
| control field | 20230828111617.0 |
| 007 - PHYSICAL DESCRIPTION FIXED FIELD--GENERAL INFORMATION | |
| fixed length control field | ta |
| 008 - FIXED-LENGTH DATA ELEMENTS--GENERAL INFORMATION | |
| fixed length control field | 20071010b un ||||| |||| 00| 0 ukr d |
| 040 ## - CATALOGING SOURCE | |
| Original cataloging agency | UA-OsUOA |
| Language of cataloging | ukr |
| Transcribing agency | UA-OsUOA |
| Modifying agency | UA-OsUOA |
| 041 ## - LANGUAGE CODE | |
| Language code of text/sound track or separate title | ukr |
| 080 ## - UNIVERSAL DECIMAL CLASSIFICATION NUMBER | |
| Universal Decimal Classification number | 82.09 |
| 090 ## - LOCALLY ASSIGNED LC-TYPE CALL NUMBER (OCLC); LOCAL CALL NUMBER (OCLC) | |
| Classification number (OCLC) (R) ; Classification number, CALL (RLIN) (NR) | 82.09 |
| Local cutter number (OCLC) ; Book number/undivided call number, CALL (RLIN) | М71 |
| 245 ## - TITLE STATEMENT | |
| Title | Олександр Мишуга. Спогади. Матеріали. Листи |
| Statement of responsibility, etc | упоряд. Михайла Головащенка |
| 260 ## - PUBLICATION, DISTRIBUTION, ETC. (IMPRINT) | |
| Place of publication, distribution, etc | К. |
| Date of publication, distribution, etc | 1971 |
| Name of publisher, distributor, etc | Музична Україна |
| 300 ## - PHYSICAL DESCRIPTION | |
| Extent | 778 с. |
| 650 #7 - SUBJECT ADDED ENTRY--TOPICAL TERM | |
| Topical term or geographic name as entry element | 82 Література. Літературознавство |
| Source of heading or term | UDC |
| 700 1# - ADDED ENTRY--PERSONAL NAME | |
| Personal name | Головащенко М. |
| Relator term | упоряд. |
| 942 ## - ADDED ENTRY ELEMENTS (KOHA) | |
| Koha item type | Книги |
| Source of classification or shelving scheme | Universal Decimal Classification |
| 955 ## - COPY-LEVEL INFORMATION (RLIN) | |
| Classification number, CCAL (RLIN) | Наукові видання |
| Withdrawn status | Lost status | Source of classification or shelving scheme | Damaged status | Not for loan | Collection code | Home library | Current library | Date acquired | Source of acquisition | Cost, normal purchase price | Inventory number | Total Checkouts | Full call number | Barcode | Date last seen | Price effective from | Koha item type |
|---|---|---|---|---|---|---|---|---|---|---|---|---|---|---|---|---|---|
| Universal Decimal Classification | Колекція бібліотеки інституту Св. Івана | АБ - Абонемент НБ | АБ - Абонемент НБ | 23/03/2012 | 28/2012 | 5.00 | 137703 | 82-94 М71 | 137703 | 11/02/2022 | 23/03/2012 | Книги | |||||
| Universal Decimal Classification | Колекція Жулинського М.Г. | ЧЗ - Читальна зала | ЧЗ - Читальна зала | 10/10/2007 | 142/2007 | 2.00 | 107995 | 82.09 М71 | 107995 | 22/12/2021 | 10/10/2007 | Книги |